John Boyega Movies - Statistics

General Stats
  • This quiz has been taken 2 times
  • The average score is 4 of 20
Answer Stats
Hint Answer % Correct
2019 Star Wars: Rise of Skywalker
100%
2015 Star Wars: The Force Awakens
100%
2017 Star Wars: The Last Jedi
100%
2011 Attack the Block
50%
2018 Pacific Rim: Uprising
50%
TBD A Spriggan
0%
TBD Attack the Block 2
0%
TBD Borderland
0%
2011 Da Brick
0%
2017 Detroit
0%
2013 Half of a Yellow Sun
0%
2014 Imperial Dreams
0%
2011 Junkhearts
0%
2012 My Murder
0%
2021 Naked Singularity
0%
2017 The Circle
0%
TBD The Test
0%
2013 The Whale
0%
TBD They Cloned Tyrone
0%
2017 Woyzeck
0%
No matching quizzes found
Score Distribution
Percent of People with Each Score
Percentile by Number Answered
Your Score History
You have not taken this quiz